000 00573nam a2200217Ia 4500
005 20250508164415.0
008 008 250505s9999 xx 000 0 hin d
020 _a978-81-89424-24-4
037 _aTextual
040 _aFEDL
_beng
_cFEDL
041 _ahin
_2eng
084 _a891.433, KAV
_qFEDL
100 _aKavita Surbhi
_9778049
245 0 _aSiddharth
260 _aDelhi, India
_bVandana Book Agency
_c2008
300 _a208p
365 _aINR
_b260
650 _aFiction - Hindi
942 _cTEXL
_h891.433, KAV
999 _c1388969
_d1388969